20th Century by Letter - A - Statistics

General Stats
  • This quiz has been taken 39 times
  • The average score is 17 of 22
Answer Stats
Hint Answer % Correct
The first two men to walk on the Moon... Armstrong, Neil
100%
Disease caused by HIV that rocked the '80s AIDS
97%
Company incorporated by Steve Wozniak and Steve Jobs that helped popularize the personal computer Apple
94%
WWII's deadliest concentration camp Auschwitz
94%
Country in which the mujahideen fought against the Soviets Afghanistan
89%
South African system of institutional racism against which Nelson Mandela fought Apartheid
89%
...and the mission that took them to the Moon Apollo 11
89%
Germany, Italy, and Japan during WWII Axis powers
89%
Aldrin, Buzz
86%
Brutalist dictator who served as Uganda's president during the '70s Amin, Idi
81%
Led the first successful expeditions to the North and South Poles Amundsen, Roald
81%
Commonwealth country federated in 1901 Australia
78%
Won its independence from France in 1962 after an eight-year war Algeria
75%
President of Palestine and chairman of the PLO who was awarded the Nobel Peace Prize in 1994 Arafat, Yasser
72%
First president of the Republic of Turkey Atatürk, Mustafa Kemal
72%
Romanov Grand Duchess who was (falsely) speculated to have survived persecution during the Russian Revolution Anastasia
69%
Art and architectural style exemplified by the Empire State Building Art Deco
67%
Egyptian dam whose construction required the relocation of 22 ancient monuments, kickstarting UNESCO's World Heritage Sites program Aswan Dam
67%
Term for the 1938 annexation of Austria into Nazi Germany Anschluss
67%
The Philippines' first female president Aquino, Corazon
50%
Room of the Catherine Palace in St. Petersburg that was famously looted and dismantled by Nazi Germany; its final fate is unknown {Amber} Room
28%
Phrase borrowed from Latin meaning "miraculous year"; Albert Einstein had one in 1905 Annus mirabilis
28%
No matching quizzes found
Score Distribution
Percent of People with Each Score
Percentile by Number Answered
Your Score History
You have not taken this quiz